Európska bezpečnosť a bezpečnosť v Európe bakalárska práca

Uložené v:
Podrobná bibliografia
Hlavný autor: Bučková, Katarína
Korporativný autor: Fakulta medzinárodných vzťahov EU. Katedra medzinárodných ekonomických vzťahov a hospodárskej diplomacie
Ďalší autori: Štefančíková, Michaela
Médium: Kniha
Jazyk:Slovak
Vydavateľské údaje: Bratislava 2011
Tagy: Pridať tag
Žiadne tagy, Buďte prvý, kto otaguje tento záznam!

MARC

LEADER 00000nbm a2200000 4500
001 0131130
005 20161109111410.3
041 0 |a slo 
044 |a SK 
245 1 0 |a Európska bezpečnosť a bezpečnosť v Európe  |b bakalárska práca  |c Katarína Bučková ; školiteľ: Michaela Štefančíková 
264 1 |a Bratislava  |c 2011 
300 |a 57 s. 
100 1 |a Bučková, Katarína 
700 1 |a Štefančíková, Michaela 
710 2 |a Fakulta medzinárodných vzťahov EU. Katedra medzinárodných ekonomických vzťahov a hospodárskej diplomacie